Future

Bibliographic Details
Main Author: Tambihi, Michael
Format: Book
Published: London : Dorling Kindersley , 1998
Subjects:

MARC

LEADER 00000cam a2200000 7i4500
001 0000013339
005 20050427.0
020 |a 0751361283 
040 |a INS 
090 0 0 |a T174.   |b T32 1998 
100 1 |a Tambihi, Michael 
245 1 0 |a Future   |c Michael Tambini 
260 |a London :   |b Dorling Kindersley ,   |c 1998 
300 |a 8 :   |b 59p ;   |c 29cm. 
650 0 0 |a Technological tarecasting-Juvenile literature   |x Technological forecastlyForcasty 
999 |a 0000010457   |b BOOK   |c Open Shelf   |e Default branch